Alpy 2000

Bibliographic Details
Corporate Author: Pictor Uniphoto (fot)
Other Authors: Hoorick, Edmond Van (fot)
Format: Book
Language:Slovak
PhysicalDescription:[13] listov fotogr. 35x49 cm
Published: Banská Bystrica Spektrum Grafik [1999]
Subjects:

MARC

LEADER 00000nam a2200000 a 4500
001 vtls001387828
003 SK-MaSNL
005 20260301161529.0
008 160415s1999 xo 0 slo
015 |a SNBG2000/02-00713 
035 |a SNK000342034 
040 |a SNK  |b slo  |c SNK  |e AACR2 
041 0 |a slo 
044 |a xo  |c SK 
080 |a 796.92(058)"2000"  |2 1981 
245 1 |a Alpy 2000  |h grafika  |c foto: Edmond Van Hoorick, Pictor Uniphoto 
260 |a Banská Bystrica  |b Spektrum Grafik  |c [1999] 
300 |a [13] listov  |b fotogr.  |c 35x49 cm 
651 7 |a Alpy (pohorie)  |2 SNK  |9 51997 
655 7 |a nástenné kalendáre  |2 SNK  |9 70664 
700 1 |a Hoorick, Edmond Van  |4 fot  |9 524681 
710 0 |a Pictor Uniphoto  |4 fot  |9 389006 
958 |a TL 
999 |c 809840  |d 811770 
952 |t P60, <03>, [BOOK], {603}  |a SNK  |b SNK  |y PREZ  |7 0  |p 17A0237199  |o snkOSB 12485  |i snkKSP 4547/2000  |0 0  |1 0  |4 0  |d 2000-05-02  |l 0  |r 2005-01-02 00:00:00  |w 2026-02-24